| 000 | 00467nam a2200181 a 4500 | ||
|---|---|---|---|
| 001 | 47238 | ||
| 005 | 20180714031120.0 | ||
| 008 | 140415s1982 000 0 spa d | ||
| 041 | _aspa | ||
| 082 |
_a150 _bMCM |
||
| 100 | 1 | _aMCMAHON, FRANK B. | |
| 245 | 1 | 0 |
_aPSYCHOLOGY : _bTHE HYBRID SCIENCE |
| 250 | _a4a ed. | ||
| 260 |
_a[s.l.] : _bTHE DORSEY PRESS, _c1982 |
||
| 300 | _a657 | ||
| 650 | 1 | 4 | _aPSICOLOGIA |
| 700 | 1 |
_aMCMAHON, JUDITH W. _ecoaut. |
|
| 999 |
_c47238 _d47238 |
||